01053nas a2200277Ia 4500001001600000003001000016008004100026040002500067041001300092100002100105210001600126222001600142245008700158250001100245260000900256501012300265300001600388362001600404500007400420650004600494700001100540942000700551957000600558999003300564952017800597A07/R079-47312 IT-MiCISF161014c99999999xx |||||||||||| ||und|| aIT-MiCISFcIT-MiCISF aITALIANO aDonati Pierpaolo aAnthropotes aAnthropotes 0aChe cosa significa laicità€ per un consultorio familiare di ispirazione cristiana a1a ed. c2008 bCISF - Centro Internazionale Studi Famiglia - Via Giotto, 36 20145 MILANO (non commercial uses only)cCopyright 2016 app. 205-249 an. 1 [2008] a Tema: consultori, società€, teoria, religione, famiglia, sociologia aFAMIGLIA - consulenza familiarevarticolo aAA.VV. cCR 71 a47312bSig1c224506d224506 0010406A_07_000000000000000_R0794731271aCISFbCISFd2016-10-14l0oA07/R079-47312 r2016-10-14 00:00:00w2016-10-14yCRzData import 15.10.2016 / by Epidotti, Vaglietti